| 000 | nam a22 7a 4500 | ||
|---|---|---|---|
| 999 |
_c11036 _d11036 |
||
| 008 | 170211b xxu||||| |||| 00| 0 eng d | ||
| 020 | _a9780702047299 | ||
| 040 |
_aBSU _cBSU _dBSU |
||
| 082 |
_222 _a362.1MAC |
||
| 245 |
_aMacleod's Clinical Examination _cedited by Graham Douglas and Fiona Nicol |
||
| 250 | _a13th ed. | ||
| 260 |
_aEdinburgh _bChurhill _c2013 |
||
| 300 |
_axvii, 451p.; _bdiag. and ill. _c27cm |
||
| 650 | _2Clinical Medicine | ||
| 658 | _aMedicine | ||
| 942 |
_2ddc _cBK |
||